000 00415nam a2200157Ia 4500
008 160316s1966 xxu||||| |||| 00| 0 eng d
082 _a294.592300
_bDAN-XVII-I
100 _aDandekar R N
245 _aThe mahabharata.Vol.XVII part.1 : The anusasana parvan
250 _a
260 _aPoona
_bBhandarkar Oriental Research Institute
_c1966
300 _a528p
_b20 cm
_c
365 _b
650 _a
700 _a
_a
999 _c5109
_d5109